Sports Quiz

Random Sports Quiz

Eurowpierdole Quiz Stats

 Plays Quiz not verified by Sporcle

Score 0/30 Timer 10:00
6 Plays Today
Question Answer Wrong Answers
Legia Warszawa (kwalifikacje LM 2018/19) Spartak Trnava
88.4%
Slovan Bratysława
2.3%
DAC Dunajska Streda
4.9%
Sparta Praga
2.7%
Legia Warszawa (kwalifikacje LM 2014/15) Celtic
85.1%
Brondby
3.7%
Dundalk
8.5%
Borussia Dortmund
1%
Arka Gdynia (kwalifikacje LE 2017/18) FC Midtjylland
84.3%
Odense
8.8%
Leeds United
0.8%
Spartak Trnava
4.2%
Wisła Kraków (kwalifikacje LM 2009/10) Levadia Tallinn
83.4%
Sławia Sofia
2.9%
Dudelange
1.2%
AC Parma
10.8%
Jagiellonia Białystok (kwalifikacje LE 2018/19) KAA Gent
82.5%
Standard Liege
8%
Twente Enschede
4.4%
Dudelange
3.4%
Jagiellonia Białystok (kwalifikacje LE 2011/12) Irtysz Pawłodar
79.2%
Szirak Giumri
5%
NK Celje
11.4%
NS Mura
2.6%
Legia Warszawa (kwalifikacje LE 2017/18) Sheriff Tyraspol
77.3%
FC Riga
1.9%
AS Trenczyn
16.9%
Astra Giurgiu
2%
Górnik Zabrze (kwalifikacje LE 2018/19) AS Trenczyn
75.6%
Szachtior Soligorsk
15.3%
MFK Zemplin Michalovce
5.5%
Lombard Papa
1.6%
Lech Poznań (kwalifikacje LE 2014/15) Stjarnan
73.7%
FC Vaduz
11.2%
Birkirkara FC
2.1%
FK Aktobe
11.3%
Lech Poznań (kwalifikacje LM 2015/16) FC Basel
72%
Austria Wiedeń
13.6%
Ferencvaros
7.7%
Dinamo Zagrzeb
5.2%
Wisła Kraków (kwalifikacje LM 2001/02) FC Barcelona
71.7%
Schalke 04
11.9%
Inter Mediolan
9.2%
Valencia
5.4%
Zagłębie Lubin (kwalifikacje LM 2007/08) Steaua Bukareszt
69.8%
Nantes
6.6%
Spartak Moskwa
4.2%
Crvena Zvezda
17.6%
Wisła Kraków (kwalifikacje LM 2005/06) Panathinaikos
63.2%
Olympiakos
4.2%
Anderlecht
12.9%
FC Barcelona
17.9%
GKS Katowice (kwalifikacje Pucharu UEFA 2003/04) Cementarnica Skopje
62.9%
Zaria Balti
11.2%
Dudelange
2.8%
Atlantas Kłajpeda
21.5%
ŁKS Łódź (kwalifikacje LM 1998/1999) Manchester United
61.4%
Skonto Ryga
18.4%
Dynamo Kijów
12.8%
Napoli
5.5%
Piast Gliwice (kwalifikacje LE 2013/14) Karabach Agdam
60.4%
BATE Borysów
9.4%
Dinamo Tbilisi
25.1%
PSV Eindhoven
3.4%
Cracovia (kwalifikacje LE 2016/17) Shkendija Tetowo
59%
CFR Cluj
9%
Zoria Ługańsk
17.3%
Zrinjski Mostar
12.9%
Wisła Kraków (kwalifikacje LM 2004/05) Real Madryt
58%
Karabach Agdam
23.3%
Szachtar Donieck
14.4%
Juventus
2.7%
Wisła Płock (kwalifikacje Pucharu UEFA 2006/07) Czornomoreć Odessa
55%
Viktoria Pilzno
9.2%
FC Koeln
5.9%
Żalgiris Wilno
28.2%
Zawisza Bydgoszcz (kwalifikacje LE 2014/15) Zulte Waregem
51.7%
Utrecht
14.5%
Omonia Nikozja
24.3%
PAOK Saloniki
7.8%
Dyskobolia Grodzisk Wielkopolski (I runda Pucharu UEFA 2005/06) RC Lens
51.5%
FC Metz
21.1%
Olympique Lyon
15.4%
Amiens
10.2%
Polonia Warszawa (kwalifikacje LE 2009/10) NAC Breda
47.2%
AC Juvenes/Dogana
9.1%
AZ Alkmaar
24.2%
Fredrikstad FK
17.8%
Lech Poznań (kwalifikacje LE 2012/13) AIK Solna
44.6%
Dnipro Dniepropetrowsk
22.7%
Valletta FC
7.3%
Grasshopper Club
23.9%
Śląsk Wrocław (kwalifikacje LM 2012/13) Helsingborgs IF
44.3%
Sheriff Tyraspol
6.5%
FK Haugesund
5.5%
IFK Goeteborg
42.2%
Ruch Chorzów (kwalifikacje LE 2012/13) Viktoria Pilzno
43.5%
Dundee United
11.5%
Karpaty Lwów
19.8%
Gandzasar Kapan
23.5%
Lech Poznań (kwalifikacje LM 1993/94) Spartak Moskwa
43.2%
CSKA Moskwa
17.5%
Lokomotiv Moskwa
16.6%
FK Moskwa
21%
Widzew Łódź (kwalifikacje LM 1999/2000) Fiorentina
42.3%
Manchester United
25%
Atletico Madryt
28.2%
PSG
3%
Odra Wodzisław Śląski (kwalifikacje Pucharu UEFA 1997/98) Rotor Wołgograd
39%
AS Monaco
16.1%
Girondins Bordeaux
30.7%
Hellas Werona
12.5%
GKS Bełchatów (kwalifikacje Pucharu UEFA 2007/08) Dnipro Dniepropetrowsk
39%
Chazar Lenkoran
30.9%
Nomme Kalju
12.1%
Maccabi Tel Awiw
16.2%
Pogoń Szczecin (kwalifikacje Pucharu UEFA 2001/02) Fylkir
37.5%
Etzella Ettelbruck
7.8%
HNK Gorica
19.5%
Anorthosis Famagusta
33.4%

You're not logged in!

Compare scores with friends on all Sporcle quizzes.
OR
Log In

Show Comments

Extras

Created Aug 14, 2019ReportNominate
Tags:kim

Top Quizzes Today


Score Distribution

Your Account Isn't Verified!

In order to create a playlist on Sporcle, you need to verify the email address you used during registration. Go to your Sporcle Settings to finish the process.

Report this User

Report this user for behavior that violates our Community Guidelines.

Details: